Führer des Museums Zitadelle Jülich
| Collectivité auteur: | |
|---|---|
| Type de support: | Imprimé Collection/Revue |
| Langue: | Allemand |
| Service de livraison Subito: | Commander maintenant. |
| Vérifier la disponibilité: | HBZ Gateway |
| WorldCat: | WorldCat |
| Interlibrary Loan: | Für eine Fernleihe wählen Sie bitte zuerst einen Band oder Aufsatz aus. |
| Publié: |
Aachen
Ammianus GbR
2012-
Jülich Stadt Jülich früher Petersberg Imhof früher Regensburg Schnell + Steiner früher |
| Dans: | Année: 2012 |
| Sujets non-standardisés: | B
Série monographique
|
MARC
| LEADER | 00000cas a2200000 c 4500 | ||
|---|---|---|---|
| 001 | 747141266 | ||
| 003 | DE-627 | ||
| 005 | 20240216080820.0 | ||
| 007 | tu | ||
| 008 | 130529c20129999gw z| m| 0 |0ger c | ||
| 015 | |a 14,A12 |2 dnb | ||
| 016 | 7 | |a 1035032554 |2 DE-101 | |
| 016 | 7 | |a 2717425-6 |2 DE-600 | |
| 035 | |a (DE-627)747141266 | ||
| 035 | |a (DE-576)375523952 | ||
| 035 | |a (DE-599)ZDB2717425-6 | ||
| 035 | |a (OCoLC)851075224 | ||
| 040 | |a DE-627 |b ger |c DE-627 |e rakwb | ||
| 041 | |a ger | ||
| 044 | |c XA-DE | ||
| 082 | 0 | 4 | |a 943 |q DE-101 |
| 082 | 0 | 4 | |a 060 |q DE-600 |
| 110 | 2 | |e VerfasserIn |0 (DE-588)10006331-7 |0 (DE-627)319055825 |0 (DE-576)19815027X |4 aut |a Museum Zitadelle Jülich | |
| 245 | 1 | 0 | |a Führer des Museums Zitadelle Jülich |
| 264 | 3 | 1 | |a Aachen |b Ammianus GbR |c 2012- |
| 264 | 2 | 1 | |a Jülich |b Stadt Jülich |c früher |
| 264 | 2 | 1 | |a Petersberg |b Imhof |c früher |
| 264 | 2 | 1 | |a Regensburg |b Schnell + Steiner |c früher |
| 300 | |c 21 cm | ||
| 336 | |a Text |b txt |2 rdacontent | ||
| 337 | |a ohne Hilfsmittel zu benutzen |b n |2 rdamedia | ||
| 338 | |a Band |b nc |2 rdacarrier | ||
| 362 | 0 | |a 17- | |
| 363 | 0 | 1 | |a 17 |i 2012 |
| 500 | |a Bände nicht in chronologischer Reihenfolge erschienen | ||
| 515 | |a Ersch. unregelmäßig | ||
| 601 | |a Zitadelle | ||
| 655 | 7 | |a Monografische Reihe |0 (DE-588)4179998-7 |0 (DE-627)104628669 |0 (DE-576)209995106 |2 gnd-content | |
| 889 | |w (DE-627)1871417554 | ||
| 935 | |i sdedup20220301 | ||
| 951 | |a ST | ||
| ELC | |b 1 | ||
| ITA | |a 1 | ||
| LOK | |0 000 xxxxxcx a22 zn 4500 | ||
| LOK | |0 001 2803972204 | ||
| LOK | |0 003 DE-627 | ||
| LOK | |0 004 747141266 | ||
| LOK | |0 005 20140702093324 | ||
| LOK | |0 008 140702||||||||||||||||ger||||||| | ||
| LOK | |0 040 |a DE-21-32b |c DE-627 |d DE-21-32b | ||
| LOK | |0 852 |a DE-21-32b | ||
| LOK | |0 852 1 |m p |9 00 | ||
| LOK | |0 938 |k p | ||
| LOK | |0 939 |a 02-07-14 |b l01 | ||
| ORI | |a SA-MARC-ixtheob001.raw | ||
| REL | |a 1 | ||
| SPR | |a 1 |t IXT | ||
| SUB | |a REL | ||



